Królowie strzelców Ekstraklasy - nagła śmierć - Statystyki

Ogólne statystyki
  • Ten quiz został rozwiązany 456 razy
  • Średni wynik to 5 z 18
Answers on the Grid
Answers color-coded by a green-red scale on the quiz's grid according to % correct below.
Robert Lewandowski
Krzysztof Piątek
Tomasz Frankowski
Lukas Podolski
Jakub Błaszczykowski
Mikael Ishak
Artjoms Rudņevs
Paweł Brożek
Jesús Imaz
Kamil Grosicki
Nemanja Nikolić
Sebastian Mila
Efthymios Koulouris
Jakub Świerczok
Erik Expósito
Benjamin Källman
Carlitos
Marc Gual
Bartłomiej Pawłowski
Ivi López
Miroslav Radović
Maciej Żurawski
Danijel Ljuboja
Afimico Pululu
Tomáš Pekhart
Mariusz Stępiński
Christian Gytkjaer
Marek Saganowski
Igor Angulo
Marco Paixão
Kasper Hämäläinen
Afonso Sousa
Marcin Robak
Kamil Wilczek
Łukasz Trałka
Takesure Chinyama
 
Statystyki odpowiedzi
Odpowiedź % Poprawnych
Robert Lewandowski
81%
Tomasz Frankowski
54%
Paweł Brożek
38%
Artjoms Rudņevs
36%
Nemanja Nikolić
31%
Efthymios Koulouris
30%
Marcin Robak
28%
Carlitos
27%
Erik Expósito
27%
Maciej Żurawski
27%
Igor Angulo
24%
Kamil Wilczek
23%
Marc Gual
23%
Marco Paixão
21%
Christian Gytkjaer
20%
Tomáš Pekhart
20%
Ivi López
19%
Takesure Chinyama
17%
Nie znaleziono quizów pasujących do podanych kryteriów
Rozkład punktacji
Procent ludzi z każdym wynikiem
Percentyl według liczby udzielonych odpowiedzi
Twoja historia wyników
Nie rozwiązałeś tego quizu